| 000 | 00660nam a2200241Ia 4500 | ||
|---|---|---|---|
| 005 | 20250425161831.0 | ||
| 008 | 250425s9999 xx 000 0 und d | ||
| 041 | _aspa | ||
| 082 | _a378.199 | ||
| 100 | _aPROGRAMA NACIONAL, ACTUALIZACION EN HABILIDADES DOCENTES | ||
| 245 | 0 | _aCURSO: PLANEACION Y DISEÑO DE UN CURSO | |
| 250 | _a1A ED. | ||
| 260 | _aS.L. | ||
| 260 |
_aSin Pais _bS.E. _c1990 |
||
| 300 | _a150 | ||
| 650 | _aEDUCACION SUPERIOR | ||
| 650 | _aEDUCACION-ESTRATEGIAS | ||
| 650 | _aPLANEACION | ||
| 650 | _aPLANIFICACION EDUCATIVA | ||
| 710 | _aPROGRAMA NACIONAL DE ACTUALIZACION EN HABILIDADES | ||
| 942 | _c01 | ||
| 010 | _a31720 | ||
| 999 |
_c217049 _d217049 |
||